Statistics for 200 Most Popular Boys Names in Quebec (2019)

Click here to take the quiz!

General Stats

  • This quiz has been taken 483 times
  • The average score is 61 of 200

Answer Stats

Answer% Correct
2WWilliam
90%
78AAlex
77%
143LLou
74%
3TThomas
74%
16LLouis
70%
14CCharles
69%
4LLeo
69%
33ZZack
68%
120AAlexander
67%
64AAlexandre
67%
1LLiam
67%
71LLyam
67%
7NNathan
63%
119OOliver
63%
21OOlivier
63%
95SSam
63%
19SSamuel
61%
42ZZachary
61%
93ZZackary
61%
57LLouka
60%
112LLuca
60%
107LLuka
60%
68NNicolas
58%
98MMichael
57%
129MMikael
57%
5NNoah
57%
28AAntoine
56%
164MMathieu
56%
163MMatthew
56%
22GGabriel
55%
55AAnthony
54%
69JJustin
54%
10EEdouard
52%
117EEdward
52%
12JJacob
52%
149JJakob
52%
37XXavier
52%
47EEli
51%
34HHenri
51%
103HHenry
51%
20VVictor
51%
72DDavid
50%
84LLeon
50%
25TTheo
50%
174JJulian
48%
82JJulien
48%
110MMaxime
48%
96VVincent
48%
18JJames
47%
8FFelix
46%
170JJeremy
46%
23BBenjamin
45%
32LLucas
45%
160LLukas
45%
100PPaul
45%
102DDaniel
44%
81JJack
44%
63PPhilippe
43%
73RRafael
43%
9RRaphael
43%
15AAlexis
42%
108SSimon
42%
86TTom
42%
137CChristophe
41%
60EEliot
39%
56EEliott
39%
29EElliot
39%
127EElliott
39%
92EEtienne
39%
17AAdam
38%
116JJoseph
38%
11EEmile
37%
13AArthur
35%
31EEthan
35%
181GGeorge
35%
35LLaurent
35%
156MMohamed
34%
46LLeonard
33%
6LLogan
32%
105CCharlie
31%
173CCharly
31%
115AAndrew
30%
51IIsaac
30%
157NNathaniel
30%
74RRayan
30%
62RRyan
30%
65JJordan
29%
38JJules
29%
40MMathis
29%
36TTheodore
29%
48TTristan
29%
167JJason
28%
150JJayson
28%
123BBryan
27%
75AAlbert
26%
43JJackson
26%
146JJaxon
26%
168JJaxson
26%
94JJoshua
26%
125TTommy
26%
175CChristopher
25%
54DDylan
25%
49JJake
25%
128JJayke
25%
79MMateo
25%
52MMatheo
25%
66MMatteo
25%
196AAdrian
24%
97AAdrien
24%
132EEmmanuel
24%
58EEvan
24%
88HHugo
24%
70DDamien
22%
144EElijah
22%
39LLoic
22%
85LLoik
22%
179AAaron
21%
122AAiden
21%
91AAyden
21%
30NNolan
21%
198CCedric
20%
27JJayden
20%
138KKyle
20%
77MMathias
20%
192OOscar
20%
83TTyler
20%
180COCharles-Olivier
19%
90EElias
19%
189LLeonardo
19%
76MMason
18%
44MMayson
18%
111AAli
17%
190LLevi
17%
101RRemi
17%
24AArnaud
16%
67CCaleb
16%
187CACharles-Antoine
16%
188CColin
16%
131KKaleb
16%
41LLudovic
16%
106LLudovick
16%
191LLudovik
16%
109OOwen
16%
185AAlec
15%
165AAlek
15%
53EEloi
15%
80MMaxence
15%
153RRomain
15%
135AAuguste
14%
59AAxel
14%
141BBrandon
14%
124DDerek
14%
151JJoey
14%
121LLionel
13%
186AAndy
12%
166BBilly
12%
45HHubert
12%
114MMilo
12%
195ZZayn
12%
172CECharles-Edouard
11%
147EEzekiel
11%
50MMalik
11%
171SSamy
11%
87EEnzo
10%
197BBastien
9%
99CClement
9%
154EEzra
9%
61HHayden
9%
104KKayden
9%
89MMaverick
9%
140MMavrick
9%
200AAbel
8%
148FFlorent
8%
145RRobin
8%
139RRomeo
8%
136AAmir
7%
118JJad
7%
113MMael
7%
178MMalcolm
7%
199MMalcom
7%
26MMilan
7%
130MMylan
7%
184SSacha
7%
133YYoussef
7%
159BBlake
6%
161EEden
6%
134EElie
6%
182IIsmael
5%
169KKylian
5%
183LLeandre
5%
177LLorenzo
5%
158YYanis
5%
155IIbrahim
4%
142JJayce
4%
193RRenaud
4%
162LLennox
3%
152NNoam
3%
176LLaurier
2%
194YYounes
2%
126EEliam
1%

Score Distribution

Percentile by Number Answered

Percent of People with Each Score

Your Score History

You have not taken this quiz